[Event "Level op 7th"]
[Site "Level"]
[Date "2019.05.10"]
[Round "1"]
[White "Tolnai, Jozsef"]
[Black "Frank, Jozsef1111"]
[Result "1-0"]
[WhiteElo "1827"]
[BlackElo "2016"]
[PlyCount "117"]
[EventDate "2019.05.10"]
[EventType "swiss"]
[EventRounds "7"]
[EventCountry "HUN"]
[SourceTitle "EXT 2021"]
[Source "ChessBase"]
[SourceDate "2020.10.23"]
[SourceVersion "1"]
[SourceVersionDate "2020.10.23"]
[SourceQuality "1"]

1. e4 c5 2. Nf3 e6 3. d4 cxd4 4. Nxd4 a6 5. c4 d6 6. Be2 Nf6 7. Nc3 Be7 8. 0-0 0-0 9. Be3 Bd7 10. Qd2 Nc6 11. h3 Rc8 12. Nc2 Ne5 13. b3 Bc6 14. f3 d5 15. f4 Ng6 16. e5 Ne4 17. Nxe4 dxe4 18. Qxd8 Rfxd8 19. Rad1 Nh4 20. Bb6 Re8 21. g3 Nf5 22. Kh2 f6 23. g4 Nh4 24. Nd4 Kf7 25. Nxc6 Rxc6 26. exf6 gxf6 27. Be3 f5 28. Rd7 b5 29. c5 Rd8 30. Rxd8 Bxd8 31. b4 Bc7 32. Kg3 Ng6 33. h4 Ne7 34. Bd4 Nd5 35. a3 Kg6 36. h5+ Kf7 37. a4 Nxf4 38. Rxf4 bxa4 39. b5 axb5 40. Bxb5 Bxf4+ 41. Kxf4 Rc8 42. Bxa4 Rd8 43. Be3 Rd3 44. gxf5 exf5 45. c6 Rc3 46. Bb6 e3 47. Kf3 f4 48. c7 Ke7 49. Bb5 Kd6 50. Kxf4 Rxc7 51. Bxc7+ Kxc7 52. Kg5 Kd6 53. Kh6 Ke7 54. Be2 Kf7 55. Kxh7 Kf8 56. h6 Kf7 57. Kh8 Kf8 58. Bh5 Ke7 59. Kg8 1-0